[Event "Mittelfranken Landesliga Sued 2223"]
[Site "Mittelfranken"]
[Date "2023.03.19"]
[Round "8.4"]
[White "Wolf, Armin"]
[Black "Szalewa, Sven"]
[Result "1/2-1/2"]
[WhiteElo "2095"]
[BlackElo "2066"]
[PlyCount "54"]
[EventDate "2022.10.09"]
[EventType "team-tourn"]
[EventRounds "9"]
[EventCountry "GER"]
[SourceTitle "EXT 2024"]
[Source "ChessBase"]
[SourceDate "2023.10.10"]
[SourceVersion "1"]
[SourceVersionDate "2023.10.10"]
[SourceQuality "1"]
[WhiteTeam "Haunstetten"]
[BlackTeam "Starnberg"]
[WhiteTeamCountry "GER"]
[BlackTeamCountry "GER"]

1. e4 e6 2. d4 d5 3. e5 c5 4. c3 Nc6 5. Nf3 Qb6 6. Bd3 cxd4 7. 0-0 Bd7 8. cxd4 Nxd4 9. Nxd4 Qxd4 10. Qe2 Ne7 11. Kh1 Nc6 12. f4 Qb6 13. Nc3 Nb4 14. Rf3 Nxd3 15. Qxd3 g6 16. Be3 Bc5 17. Bxc5 Qxc5 18. Rc1 Qb6 19. Qd2 Rc8 20. Rd1 Bc6 21. Ne2 Ba4 22. b3 Bd7 23. Nd4 Qc5 24. Rd3 Bb5 25. Rg3 Rc7 26. Rh3 Bd7 27. Rd3 Bb5 1/2-1/2

[Event "Mittelfranken Landesliga Sued 2223"]
[Site "Mittelfranken"]
[Date "2023.02.05"]
[Round "6.4"]
[White "Wolf, Armin"]
[Black "Colovic, Aleksandar"]
[Result "1/2-1/2"]
[WhiteElo "2095"]
[BlackElo "2416"]
[PlyCount "72"]
[EventDate "2022.10.09"]
[EventType "team-tourn"]
[EventRounds "9"]
[EventCountry "GER"]
[SourceTitle "EXT 2024"]
[Source "ChessBase"]
[SourceDate "2023.10.10"]
[SourceVersion "1"]
[SourceVersionDate "2023.10.10"]
[SourceQuality "1"]
[WhiteTeam "Haunstetten"]
[BlackTeam "Augsburg SF"]
[WhiteTeamCountry "GER"]
[BlackTeamCountry "GER"]

1. e4 e5 2. Nf3 Nc6 3. Bc4 Nf6 4. d3 Be7 5. 0-0 0-0 6. Re1 h6 7. h3 Re8 8. a4 Bf8 9. Nc3 d6 10. Be3 Na5 11. Ba2 c5 12. Nd5 Nc6 13. c3 Be6 14. Nxf6+ Qxf6 15. Bxe6 Qxe6 16. c4 Be7 17. Rf1 f5 18. exf5 Qxf5 19. Qb1 Nb4 20. Ra3 Rf8 21. Nd2 Bg5 22. Bxg5 Qxg5 23. Ne4 Qg6 24. Qd1 Rf4 25. Re1 Raf8 26. Re3 Qe6 27. a5 Nc6 28. b3 Nd4 29. Ra2 R8f7 30. Rb2 Nf5 31. Rf3 Nd4 32. Re3 Nc6 33. Ra2 Nb4 34. Rd2 Nc6 35. Ra2 Nb4 36. Rd2 Nc6 1/2-1/2

[Event "Mittelfranken Landesliga Sued 2223"]
[Site "Mittelfranken"]
[Date "2022.11.27"]
[Round "3.5"]
[White "Wolf, Armin"]
[Black "Motl, Martin"]
[Result "0-1"]
[WhiteElo "2095"]
[BlackElo "2198"]
[PlyCount "116"]
[EventDate "2022.10.09"]
[EventType "team-tourn"]
[EventRounds "9"]
[EventCountry "GER"]
[SourceTitle "EXT 2024"]
[Source "ChessBase"]
[SourceDate "2023.10.10"]
[SourceVersion "1"]
[SourceVersionDate "2023.10.10"]
[SourceQuality "1"]
[WhiteTeam "Haunstetten"]
[BlackTeam "Muenchen Zugzwang II"]
[WhiteTeamCountry "GER"]
[BlackTeamCountry "GER"]

1. e4 d5 2. exd5 Qxd5 3. Nc3 Qd8 4. g3 Nf6 5. Bg2 g6 6. Nge2 Bg7 7. 0-0 0-0 8. d3 c6 9. Rb1 Na6 10. Bd2 Nc7 11. h3 Re8 12. Kh2 Nfd5 13. Na4 Nb6 14. Nc5 Ne6 15. Nb3 Na4 16. Nc3 Nxc3 17. Bxc3 Bxc3 18. bxc3 Qc7 19. Qd2 c5 20. Qe3 Rb8 21. d4 cxd4 22. cxd4 b6 23. d5 Ng7 24. Nd4 Nf5 25. Nxf5 Bxf5 26. Rbc1 Qc5 27. Qf4 Rbc8 28. Rfe1 Qd6 29. Qa4 Bd7 30. Qh4 b5 31. c4 Qb4 32. Re4 Bf5 33. Rd4 Qb2 34. Rcd1 bxc4 35. Rxc4 Rxc4 36. Qxc4 Qxf2 37. Qa4 Rb8 38. Rf1 Qe2 39. Qd1 Rb2 40. Qxe2 Rxe2 41. Kg1 Rxa2 42. Rc1 Kg7 43. g4 Bd3 44. Rc7 Kf6 45. g5+ Kxg5 46. Rxe7 Kf6 47. d6 Bc4 48. Rc7 Be6 49. h4 Rd2 50. Rxa7 Rxd6 51. Ra4 Rd2 52. Rb4 h5 53. Bf3 Ke5 54. Re4+ Kd6 55. Ra4 Ra2 56. Rb4 Kc5 57. Rf4 Rd2 58. Ra4 Rd4 0-1

[Event "Mittelfranken Landesliga Sued 2122"]
[Site "Mittelfranken"]
[Date "2022.05.29"]
[Round "9.5"]
[White "Braun, Thomas1111"]
[Black "Wolf, Armin"]
[Result "1/2-1/2"]
[WhiteElo "2057"]
[BlackElo "2073"]
[PlyCount "52"]
[EventDate "2021.10.24"]
[EventType "team-tourn"]
[EventRounds "9"]
[EventCountry "GER"]
[SourceTitle "EXT 2024"]
[Source "ChessBase"]
[SourceDate "2023.10.10"]
[SourceVersion "1"]
[SourceVersionDate "2023.10.10"]
[SourceQuality "1"]
[WhiteTeam "Bayern Muenchen III"]
[BlackTeam "Haunstetten"]
[WhiteTeamCountry "GER"]
[BlackTeamCountry "GER"]

1. d4 g6 2. c4 Bg7 3. Nf3 d6 4. Nc3 Bg4 5. g3 Bxf3 6. exf3 e6 7. Bg2 Ne7 8. 0-0 0-0 9. f4 c6 10. Be3 d5 11. c5 b6 12. b4 Nd7 13. Qd2 a5 14. a3 Qc7 15. g4 Rfb8 16. Ra2 axb4 17. axb4 Rxa2 18. Nxa2 Qa7 19. Nc3 Qa3 20. Rb1 bxc5 21. bxc5 Rxb1+ 22. Nxb1 Qa1 23. Qd1 Nf6 24. Bf3 Ne4 25. Kg2 Nc3 26. Nxc3 Qxc3 1/2-1/2

[Event "Mittelfranken Landesliga Sued 2122"]
[Site "Mittelfranken"]
[Date "2022.03.20"]
[Round "4.2"]
[White "Schwarzmeier, Klaus"]
[Black "Wolf, Armin"]
[Result "1/2-1/2"]
[WhiteElo "2149"]
[BlackElo "2073"]
[PlyCount "66"]
[EventDate "2021.10.24"]
[EventType "team-tourn"]
[EventRounds "9"]
[EventCountry "GER"]
[SourceTitle "EXT 2024"]
[Source "ChessBase"]
[SourceDate "2023.10.10"]
[SourceVersion "1"]
[SourceVersionDate "2023.10.10"]
[SourceQuality "1"]
[WhiteTeam "Rottal Inn"]
[BlackTeam "Haunstetten"]
[WhiteTeamCountry "GER"]
[BlackTeamCountry "GER"]

1. c4 g6 2. Nc3 Bg7 3. g3 d6 4. Bg2 e5 5. e4 Nc6 6. Nge2 h5 7. h4 Bg4 8. f3 Be6 9. d3 Qd7 10. Bg5 f6 11. Be3 Nge7 12. Nd5 Nd8 13. d4 Nc8 14. Qd3 c6 15. Ndc3 Qe7 16. d5 Bd7 17. 0-0-0 c5 18. f4 Bg4 19. Rde1 Nf7 20. Rhf1 Nb6 21. Kb1 Nd7 22. Bf3 Bxf3 23. Rxf3 0-0-0 24. f5 g5 25. Ka1 Bh6 26. Bg1 Rdg8 27. Rff1 Kb8 28. Rb1 gxh4 29. gxh4 Rg4 30. Bf2 Rhg8 31. Rg1 Qd8 32. Rg3 Bf4 33. Rxg4 Rxg4 1/2-1/2

[Event "Mittelfranken Landesliga Sued 2122"]
[Site "Mittelfranken"]
[Date "2022.03.13"]
[Round "6.3"]
[White "Wolf, Armin"]
[Black "Babiy, Olga"]
[Result "0-1"]
[WhiteElo "2073"]
[BlackElo "2358"]
[PlyCount "96"]
[EventDate "2021.10.24"]
[EventType "team-tourn"]
[EventRounds "9"]
[EventCountry "GER"]
[SourceTitle "EXT 2024"]
[Source "ChessBase"]
[SourceDate "2023.10.10"]
[SourceVersion "1"]
[SourceVersionDate "2023.10.10"]
[SourceQuality "1"]
[WhiteTeam "Haunstetten"]
[BlackTeam "Muenchen SC II"]
[WhiteTeamCountry "GER"]
[BlackTeamCountry "GER"]

1. e4 c5 2. Nf3 d6 3. Bb5+ Nd7 4. d4 cxd4 5. Qxd4 e5 6. Qd3 Be7 7. 0-0 Ngf6 8. c4 0-0 9. Bxd7 Bxd7 10. Nc3 Rc8 11. b3 a6 12. Bg5 Ne8 13. Bxe7 Qxe7 14. Nd5 Qd8 15. Rac1 Be6 16. Rfd1 Rc5 17. b4 Rc6 18. Qe3 Nf6 19. a4 Nd7 20. a5 Re8 21. Nd2 Qc8 22. f3 h6 23. Rc3 f5 24. Rdc1 f4 25. Qf2 Qd8 26. Nb3 Rc8 27. Qa7 Rb8 28. c5 Nf6 29. Nxf6+ Qxf6 30. cxd6 Bxb3 31. Rxb3 Qxd6 32. b5 Qd2 33. Rcb1 Rbc8 34. Qf2 Qxa5 35. h3 Re7 36. Qb2 Kh7 37. Ra1 Qb6+ 38. Kh2 Qg6 39. bxa6 bxa6 40. Qf2 Re6 41. Rba3 Rcc6 42. Ra5 Qg5 43. Kh1 Qf6 44. Qb2 Rb6 45. Qc3 Qg5 46. Rc5 Rg6 47. Qc2 Rb4 48. Qa2 Ra4 0-1

[Event "Landesliga Sued 1920"]
[Site "Bayern"]
[Date "2019.11.24"]
[Round "3.4"]
[White "Schwarzmeier, Klaus"]
[Black "Wolf, Armin"]
[Result "0-1"]
[WhiteElo "2154"]
[BlackElo "2095"]
[PlyCount "50"]
[EventDate "2019.09.29"]
[EventType "team-tourn"]
[EventRounds "9"]
[EventCountry "GER"]
[SourceTitle "EXT 2021"]
[Source "ChessBase"]
[SourceDate "2020.10.23"]
[SourceVersion "1"]
[SourceVersionDate "2020.10.23"]
[SourceQuality "1"]
[WhiteTeam "Rottal Inn"]
[BlackTeam "Haunstetten"]
[WhiteTeamCountry "GER"]
[BlackTeamCountry "GER"]

1. c4 g6 2. g3 Bg7 3. Bg2 e5 4. Nc3 d6 5. Nf3 Nc6 6. Rb1 f5 7. d3 Nf6 8. 0-0 0-0 9. b4 h6 10. b5 Ne7 11. Qc2 Be6 12. Nd2 Rb8 13. Ba3 b6 14. Bb4 g5 15. a4 h5 16. a5 h4 17. axb6 axb6 18. Ra1 hxg3 19. hxg3 Ng4 20. Ra7 Nc8 21. Ra4 Qf6 22. Rfa1 f4 23. Nce4 Qh6 24. Nf1 fxg3 25. fxg3 Rxf1+ 0-1

[Event "Landesliga Sued 1819"]
[Site "Bayern"]
[Date "2019.02.24"]
[Round "7.6"]
[White "Czap, Bernard"]
[Black "Wolf, Armin"]
[Result "0-1"]
[WhiteElo "2031"]
[BlackElo "2103"]
[PlyCount "70"]
[EventDate "2018.10.21"]
[EventType "team-tourn"]
[EventRounds "9"]
[EventCountry "GER"]
[SourceTitle "EXT 2022"]
[Source "ChessBase"]
[SourceDate "2021.10.06"]
[SourceVersion "1"]
[SourceVersionDate "2021.10.06"]
[SourceQuality "1"]
[WhiteTeam "Unterhaching"]
[BlackTeam "Haunstetten TSV"]
[WhiteTeamCountry "GER"]
[BlackTeamCountry "GER"]

1. c4 g6 2. g3 Bg7 3. Bg2 d6 4. Nc3 e5 5. d3 Nc6 6. Rb1 f5 7. b4 h6 8. e3 Nf6 9. Nge2 0-0 10. 0-0 a6 11. a4 Rb8 12. b5 axb5 13. axb5 Ne7 14. Qb3 Be6 15. Ba3 Re8 16. Nd5 Bf7 17. Rfc1 g5 18. Rc2 h5 19. f4 Nexd5 20. cxd5 Ng4 21. fxe5 Rxe5 22. e4 Ne3 23. Bb2 Re8 24. Bxg7 Kxg7 25. Qb2+ Kg8 26. Rcc1 Nxg2 27. Kxg2 fxe4 28. dxe4 Rxe4 29. Nc3 Qe7 30. Rc2 Re3 31. Rd1 Re8 32. b6 cxb6 33. Qxb6 Rxc3 34. Rxc3 Qe4+ 35. Rf3 g4 0-1

[Event "Landesliga Sued 1819"]
[Site "Bayern"]
[Date "2018.11.25"]
[Round "3.4"]
[White "Wolf, Armin"]
[Black "Schwarzmeier, Klaus"]
[Result "1/2-1/2"]
[WhiteElo "2103"]
[BlackElo "2171"]
[PlyCount "67"]
[EventDate "2018.10.21"]
[EventType "team-tourn"]
[EventRounds "9"]
[EventCountry "GER"]
[SourceTitle "EXT 2022"]
[Source "ChessBase"]
[SourceDate "2021.10.06"]
[SourceVersion "1"]
[SourceVersionDate "2021.10.06"]
[SourceQuality "1"]
[WhiteTeam "Haunstetten TSV"]
[BlackTeam "Rottal Inn"]
[WhiteTeamCountry "GER"]
[BlackTeamCountry "GER"]

1. e4 e6 2. d4 d5 3. e5 c5 4. c3 Qb6 5. Nf3 Nc6 6. a3 c4 7. Ng5 Bd7 8. h4 Na5 9. Nd2 Nh6 10. g3 0-0-0 11. f4 f6 12. Ngf3 Ng4 13. Qe2 fxe5 14. fxe5 Be7 15. Bh3 Nh6 16. Ng5 Rdf8 17. Rf1 Bxg5 18. hxg5 Nf7 19. Nf3 Nb3 20. Rb1 Nxc1 21. Rxc1 h6 22. g6 Ng5 23. Nxg5 hxg5 24. Rxf8+ Rxf8 25. Rc2 Qb3 26. Rd2 Rh8 27. Qg4 Qa2 28. Kf2 Qb1 29. Kg2 Rf8 30. Qxg5 Rf1 31. Qe3 Re1 32. Re2 Rxe2+ 33. Qxe2 Qxg6 34. Qf2 1/2-1/2

[Event "Landesliga Sued 1718"]
[Site "Bayern"]
[Date "2018.02.04"]
[Round "6.7"]
[White "Goetz, Andreas"]
[Black "Wolf, Armin"]
[Result "0-1"]
[WhiteElo "1943"]
[BlackElo "2081"]
[PlyCount "108"]
[EventDate "2017.10.22"]
[EventType "team-tourn"]
[EventRounds "9"]
[EventCountry "GER"]
[SourceTitle "EXT 2022"]
[Source "ChessBase"]
[SourceDate "2021.10.06"]
[SourceVersion "1"]
[SourceVersionDate "2021.10.06"]
[SourceQuality "1"]
[WhiteTeam "Ingolstadt"]
[BlackTeam "Haunstetten TSV"]
[WhiteTeamCountry "GER"]
[BlackTeamCountry "GER"]

1. g3 g6 2. Bg2 Bg7 3. d3 d6 4. Nc3 e5 5. f4 Nc6 6. Nf3 Nge7 7. fxe5 dxe5 8. e4 h6 9. Be3 Be6 10. Qd2 Qd7 11. Na4 b6 12. Nc3 Nd4 13. Ne2 c5 14. 0-0 Bg4 15. Nexd4 cxd4 16. Bf2 0-0 17. c4 dxc3 18. bxc3 Rfd8 19. Ne1 Rac8 20. Be3 g5 21. Rc1 Nc6 22. h4 f6 23. Bf3 Bh3 24. Rf2 Na5 25. Rh2 Be6 26. hxg5 fxg5 27. Bh5 Qe7 28. Qe2 Rc6 29. Rc2 Qa3 30. Bg4 Bf7 31. Bc1 Qe7 32. Bh5 Rdc8 33. Bxf7+ Qxf7 34. c4 b5 35. Bd2 Nb7 36. Rf2 Qe6 37. Qe3 Bf8 38. Qxa7 Nd8 39. Be3 bxc4 40. d4 R6c7 41. Qa5 exd4 42. Bxd4 Nc6 43. Rxf8+ Kxf8 44. Qa3+ Kg8 45. Bb2 Qxe4 46. Qc3 Nd4 47. Rf2 Rf7 48. Nf3 Rxf3 49. Qxd4 Qe1+ 50. Kg2 Qxf2+ 51. Qxf2 Rxf2+ 52. Kxf2 c3 53. Bc1 Rd8 54. Ke3 c2 0-1

[Event "Landesliga Sued 1718"]
[Site "Bayern"]
[Date "2017.12.10"]
[Round "4.5"]
[White "Demir, Bilal"]
[Black "Wolf, Armin"]
[Result "1/2-1/2"]
[WhiteElo "2063"]
[BlackElo "2081"]
[PlyCount "104"]
[EventDate "2017.10.22"]
[EventType "team-tourn"]
[EventRounds "9"]
[EventCountry "GER"]
[SourceTitle "EXT 2022"]
[Source "ChessBase"]
[SourceDate "2021.10.06"]
[SourceVersion "1"]
[SourceVersionDate "2021.10.06"]
[SourceQuality "1"]
[WhiteTeam "Unterhaching"]
[BlackTeam "Haunstetten TSV"]
[WhiteTeamCountry "GER"]
[BlackTeamCountry "GER"]

1. e4 g6 2. d4 Bg7 3. Nc3 d6 4. g3 Nd7 5. Bg2 Ngf6 6. Nge2 0-0 7. 0-0 c5 8. h3 Rb8 9. Be3 b6 10. Qd2 Bb7 11. g4 cxd4 12. Bxd4 a6 13. Ng3 b5 14. g5 Ne8 15. Rad1 Bxd4 16. Qxd4 e5 17. Qe3 Nb6 18. Nd5 Nc4 19. Qc1 Rc8 20. Rd3 Bxd5 21. exd5 f5 22. gxf6 Nxf6 23. b3 Nb6 24. Qd2 Qc7 25. c3 Nbd7 26. Kh2 Nc5 27. Re3 Qg7 28. Kg1 Kh8 29. Re2 Rc7 30. f4 Ncd7 31. Ref2 Rcc8 32. fxe5 Nxe5 33. Ne2 Nfd7 34. Nd4 Rxf2 35. Rxf2 Qe7 36. Qe3 Rf8 37. Ne6 Rxf2 38. Qxf2 Nc5 39. Nxc5 dxc5 40. Qf4 Kg7 41. a4 Nf7 42. axb5 axb5 43. Qf2 Qc7 44. b4 cxb4 45. Qd4+ Qe5 46. Qxb4 Nd6 47. Qc5 Kf6 48. Qc7 Qe7 49. Qc5 g5 50. Bf1 Qe5 51. Bg2 h5 52. Qc7 Qe3+ 1/2-1/2

[Event "Landesliga Sued 1617"]
[Site "Bayern"]
[Date "2017.02.05"]
[Round "5.4"]
[White "Bauer, Robert"]
[Black "Wolf, Armin"]
[Result "1/2-1/2"]
[WhiteElo "2101"]
[BlackElo "2098"]
[PlyCount "43"]
[EventDate "2016.10.16"]
[EventType "team-tourn"]
[EventRounds "9"]
[EventCountry "GER"]
[SourceTitle "EXT 2019"]
[Source "ChessBase"]
[SourceDate "2018.10.10"]
[SourceVersion "1"]
[SourceVersionDate "2018.10.10"]
[SourceQuality "1"]
[WhiteTeam "Freising"]
[BlackTeam "Haunstetten"]
[WhiteTeamCountry "GER"]
[BlackTeamCountry "GER"]

1. e4 c5 2. Nc3 Nc6 3. f4 g6 4. Nf3 Bg7 5. Bb5 Nd4 6. 0-0 Nxb5 7. Nxb5 d6 8. Nc3 Nf6 9. d3 0-0 10. Qe1 Bg4 11. Qh4 Bxf3 12. Rxf3 h6 13. g4 e6 14. Bd2 d5 15. e5 Nd7 16. Qg3 f5 17. exf6 Qxf6 18. Raf1 Rad8 19. Kh1 Rf7 20. h4 Kh8 21. Nd1 b6 22. Bc3 1/2-1/2

[Event "Regionalliga SW 1516"]
[Site "Bayern"]
[Date "2015.10.25"]
[Round "2.4"]
[White "Wolf, Armin"]
[Black "Heigermoser, Robert"]
[Result "1-0"]
[WhiteElo "2089"]
[BlackElo "2118"]
[PlyCount "67"]
[EventDate "2015.10.11"]
[EventType "team-tourn"]
[EventRounds "9"]
[EventCountry "GER"]
[SourceTitle "EXT 2018"]
[Source "ChessBase"]
[SourceDate "2017.10.13"]
[SourceVersion "1"]
[SourceVersionDate "2017.10.13"]
[SourceQuality "1"]
[WhiteTeam "Haunstetten"]
[BlackTeam "MSA Zugzwang II"]
[WhiteTeamCountry "GER"]
[BlackTeamCountry "GER"]

1. e4 c5 2. Nf3 d6 3. Bb5+ Bd7 4. Bxd7+ Nxd7 5. 0-0 Ngf6 6. Qe2 Rc8 7. d3 g6 8. Ng5 h6 9. Nh3 Ne5 10. f4 Nc6 11. c3 Bg7 12. Kh1 Qd7 13. Nd2 0-0 14. Nf3 Ne8 15. Bd2 f5 16. Nh4 Qe6 17. Rae1 Qf6 18. Qf2 Nc7 19. Qg3 Kh7 20. exf5 gxf5 21. Ng5+ Kg8 22. Ngf3 e6 23. Qh3 Ne7 24. g4 fxg4 25. Qxg4 Nf5 26. Rg1 Rf7 27. Qh5 Ne7 28. f5 Nxf5 29. Rg6 Qd8 30. Nxf5 Rxf5 31. Qxh6 Qf8 32. Rxg7+ Qxg7 33. Rg1 Ne8 34. Qxe6+ 1-0

[Event "Regionalliga SW 1415"]
[Site "Bayern"]
[Date "2015.03.15"]
[Round "8.5"]
[White "Jussupow, Nadejda"]
[Black "Wolf, Armin"]
[Result "0-1"]
[WhiteElo "2134"]
[BlackElo "2089"]
[PlyCount "96"]
[EventDate "2014.10.19"]
[EventType "team-tourn"]
[EventRounds "9"]
[EventCountry "GER"]
[SourceTitle "EXT 2018"]
[Source "ChessBase"]
[SourceDate "2017.10.13"]
[SourceVersion "1"]
[SourceVersionDate "2017.10.13"]
[SourceQuality "1"]
[WhiteTeam "Krumbach"]
[BlackTeam "Haunstetten"]
[WhiteTeamCountry "GER"]
[BlackTeamCountry "GER"]

1. e4 c5 2. Nf3 d6 3. d4 cxd4 4. Nxd4 Nf6 5. Nc3 a6 6. Qf3 g6 7. h3 Bg7 8. Be3 0-0 9. 0-0-0 Bd7 10. g4 Nc6 11. Nd5 Rc8 12. Nxc6 Rxc6 13. Bd4 e5 14. Bc3 Nxd5 15. exd5 Rc8 16. Qe3 b5 17. Bd3 a5 18. a3 Rc5 19. Be4 f5 20. gxf5 gxf5 21. Rdg1 Qf6 22. Bf3 Kh8 23. Kb1 Rfc8 24. Qg5 b4 25. Qxf6 Bxf6 26. axb4 axb4 27. Bxb4 Rxc2 28. Rc1 Rxf2 29. Rxc8+ Bxc8 30. Rc1 Ba6 31. Bh5 e4 32. Bc3 Bxc3 33. Rxc3 f4 34. Rc6 Bd3+ 35. Ka2 e3 36. Rxd6 e2 37. Re6 f3 38. Re8+ Kg7 39. d6 Bb5 40. Re3 Rf1 41. Bxf3 Rxf3 42. d7 Bxd7 43. Rxe2 Bxh3 44. b4 Kf6 45. b5 Be6+ 46. Ka1 Rb3 47. Rh2 Bf5 48. Rh6+ Bg6 0-1

[Event "Regionalliga SW 1415"]
[Site "Bayern"]
[Date "2015.02.01"]
[Round "6.6"]
[White "Wolf, Armin"]
[Black "Amelang, Thomas"]
[Result "1/2-1/2"]
[WhiteElo "2089"]
[BlackElo "2099"]
[PlyCount "77"]
[EventDate "2014.10.19"]
[EventType "team-tourn"]
[EventRounds "9"]
[EventCountry "GER"]
[SourceTitle "EXT 2018"]
[Source "ChessBase"]
[SourceDate "2017.10.13"]
[SourceVersion "1"]
[SourceVersionDate "2017.10.13"]
[SourceQuality "1"]
[WhiteTeam "Haunstetten"]
[BlackTeam "Muenchen Siemens"]
[WhiteTeamCountry "GER"]
[BlackTeamCountry "GER"]

1. e4 g6 2. d4 Bg7 3. Nc3 d6 4. h4 Nf6 5. Be2 h5 6. Nf3 c6 7. Ng5 Nh7 8. Nxh7 Rxh7 9. Be3 b5 10. Qd2 a6 11. 0-0-0 Nd7 12. Kb1 Qa5 13. a3 Bb7 14. e5 d5 15. g4 hxg4 16. e6 Nf6 17. exf7+ Kxf7 18. Ne4 Qxd2 19. Ng5+ Kg8 20. Rxd2 Rh5 21. Bd3 Ne4 22. Nxe4 dxe4 23. Bxe4 Bf6 24. Bxg6 Rxh4 25. Rg1 Kg7 26. Bf5 Bc8 27. Bxc8 Rxc8 28. f3 g3 29. Rxg3+ Kf7 30. c3 a5 31. Kc2 Rh5 32. Rg4 Rh3 33. Rf2 Rd8 34. Bf4 Rd5 35. Rg3 Rh1 36. Rgg2 a4 37. Bg3 Rh3 38. f4 Rd8 39. Bh2 1/2-1/2

[Event "Landesliga Sued 1314"]
[Site "Bayern"]
[Date "2014.04.06"]
[Round "9.4"]
[White "Schmid, Franz"]
[Black "Wolf, Armin"]
[Result "1-0"]
[WhiteElo "2160"]
[BlackElo "2224"]
[PlyCount "161"]
[EventDate "2013.10.13"]
[EventType "team-tourn"]
[EventRounds "9"]
[EventCountry "GER"]
[SourceTitle "EXT 2015"]
[Source "ChessBase"]
[SourceDate "2014.11.20"]
[SourceVersion "1"]
[SourceVersionDate "2014.11.20"]
[SourceQuality "1"]
[WhiteTeam "Roehrnbach"]
[BlackTeam "Haunstetten"]
[WhiteTeamCountry "GER"]
[BlackTeamCountry "GER"]

1. d4 g6 2. e4 Bg7 3. Nc3 d6 4. Be3 a6 5. a4 Nf6 6. f3 Nc6 7. Qd2 0-0 8. Nge2 e5 9. Rd1 d5 10. dxe5 Nxe5 11. b3 c6 12. exd5 Nxd5 13. Nxd5 cxd5 14. Qxd5 Qh4+ 15. Ng3 Qb4+ 16. Kf2 Be6 17. Qd2 Qe7 18. Be2 Rad8 19. Qc1 Rc8 20. Qb1 f5 21. f4 Ng4+ 22. Bxg4 fxg4 23. Rhf1 h5 24. c4 h4 25. Ne2 g3+ 26. hxg3 Bf5 27. Qc1 Bg4 28. Rde1 Qe4 29. gxh4 Bf6 30. Rh1 Rce8 31. Ng1 Bd4 32. Nf3 Bxf3 33. gxf3 Rxf4 34. Rh3 Ref8 35. Qd1 Rxh4 36. Bxd4 Qf4 37. Reh1 Qxd4+ 38. Qxd4 Rxd4 39. Rh8+ Kf7 40. Rxf8+ Kxf8 41. Re1 Rd3 42. Re3 Rd2+ 43. Kg3 Kf7 44. Kf4 Kf6 45. Ke4 Ke6 46. a5 Rd1 47. Re2 Kd6 48. Rg2 Re1+ 49. Kd4 Re6 50. b4 Rf6 51. Ke4 Re6+ 52. Kd4 Rf6 53. Rd2 Rf7 54. f4 Kc6 55. Ke4 Rf6 56. Rd5 Kc7 57. Rg5 b6 58. Re5 bxa5 59. Rxa5 Rb6 60. b5 axb5 61. cxb5 Kd7 62. Kf3 Ke7 63. Kg4 Kf7 64. Kg5 Kg7 65. Ra7+ Kf8 66. Ra6 Rxb5+ 67. Kxg6 Rb8 68. f5 Kg8 69. Ra7 Kh8 70. Rh7+ Kg8 71. f6 Rb6 72. Re7 Rb8 73. Re3 Ra8 74. Rh3 Ra6 75. Rc3 Ra8 76. Rc7 Rb8 77. Rg7+ Kh8 78. Rh7+ Kg8 79. f7+ Kf8 80. Rh8+ Ke7 81. Rxb8 1-0

[Event "Landesliga Sued 1314"]
[Site "Bayern"]
[Date "2014.01.19"]
[Round "5.3"]
[White "Pitl, Gregory"]
[Black "Wolf, Armin"]
[Result "1/2-1/2"]
[WhiteElo "2392"]
[BlackElo "2224"]
[PlyCount "67"]
[EventDate "2013.10.13"]
[EventType "team-tourn"]
[EventRounds "9"]
[EventCountry "GER"]
[SourceTitle "EXT 2015"]
[Source "ChessBase"]
[SourceDate "2014.11.20"]
[SourceVersion "1"]
[SourceVersionDate "2014.11.20"]
[SourceQuality "1"]
[WhiteTeam "Goeggingen"]
[BlackTeam "Haunstetten"]
[WhiteTeamCountry "GER"]
[BlackTeamCountry "GER"]

1. e4 c5 2. Nf3 d6 3. d4 cxd4 4. Nxd4 Nf6 5. Nc3 a6 6. Bc4 e6 7. Bb3 Nbd7 8. Bg5 Nc5 9. f4 Be7 10. Qf3 Qc7 11. 0-0-0 h6 12. Bxf6 Bxf6 13. Rhe1 Bd7 14. Kb1 Nxb3 15. axb3 0-0 16. Qg3 Bc6 17. Rd3 Rad8 18. Nd1 Bxd4 19. Rxd4 e5 20. fxe5 dxe5 21. Rc4 Rd6 22. Ne3 Rg6 23. Qf3 Rd8 24. Rc3 Qa5 25. Nf5 Rd7 26. g3 Qd8 27. h4 Kh7 28. h5 Re6 29. Rc5 Qg5 30. Ne3 Rf6 31. Qg4 Re6 32. Qf3 Rf6 33. Qg4 Re6 34. Qf3 1/2-1/2

[Event "Landesliga Sued 1213"]
[Site "Bayern"]
[Date "2013.04.14"]
[Round "9.3"]
[White "De Francesco, Klaus"]
[Black "Wolf, Armin"]
[Result "1-0"]
[WhiteElo "2252"]
[BlackElo "2107"]
[PlyCount "91"]
[EventDate "2012.10.14"]
[EventType "team-tourn"]
[EventRounds "9"]
[EventCountry "GER"]
[SourceTitle "EXT 2015"]
[Source "ChessBase"]
[SourceDate "2014.11.20"]
[SourceVersion "1"]
[SourceVersionDate "2014.11.20"]
[SourceQuality "1"]
[WhiteTeam "Weilheim"]
[BlackTeam "Haunstetten"]
[WhiteTeamCountry "GER"]
[BlackTeamCountry "GER"]

1. d4 g6 2. c4 Bg7 3. e4 d6 4. Nc3 e5 5. d5 Nd7 6. Be3 h5 7. Qd2 Bh6 8. Bd3 Bxe3 9. Qxe3 Ngf6 10. f3 Nc5 11. Bc2 a5 12. Nge2 Bd7 13. b3 Kf8 14. 0-0 Kg7 15. a3 b6 16. b4 Nb7 17. Bd3 Qe7 18. Nb5 Bxb5 19. cxb5 axb4 20. axb4 Rxa1 21. Rxa1 Rb8 22. Ra7 Ne8 23. Qc1 f6 24. Qa1 Nd8 25. Ng3 Kf8 26. Nf1 Qg7 27. Qc1 Qh7 28. h4 Qe7 29. g3 Nf7 30. Ne3 Kg7 31. Bf1 Nh6 32. Bh3 Rd8 33. Kf2 Kh7 34. Qc6 Qg7 35. Be6 Ng8 36. Qc1 Nh6 37. Nc4 Rb8 38. Qe3 Kh8 39. Nxb6 cxb6 40. Rxg7 Kxg7 41. Qa3 Rb7 42. Qa8 Re7 43. Qd8 Kf8 44. Qxb6 Nf7 45. Qe3 Nc7 46. b6 1-0

[Event "Landesliga Sued 1213"]
[Site "Bayern"]
[Date "2013.02.24"]
[Round "7.3"]
[White "Jussupow, Alexander"]
[Black "Wolf, Armin"]
[Result "0-1"]
[WhiteElo "2130"]
[BlackElo "2107"]
[PlyCount "44"]
[EventDate "2012.10.14"]
[EventType "team-tourn"]
[EventRounds "9"]
[EventCountry "GER"]
[SourceTitle "EXT 2015"]
[Source "ChessBase"]
[SourceDate "2014.11.20"]
[SourceVersion "1"]
[SourceVersionDate "2014.11.20"]
[SourceQuality "1"]
[WhiteTeam "Krumbach"]
[BlackTeam "Haunstetten"]
[WhiteTeamCountry "GER"]
[BlackTeamCountry "GER"]

1. d4 g6 2. Nf3 Bg7 3. Bf4 d6 4. e3 Nd7 5. h3 e5 6. Bh2 Nh6 7. Be2 0-0 8. 0-0 Re8 9. c3 Nf5 10. e4 Nh4 11. dxe5 Nxf3+ 12. Bxf3 dxe5 13. Nd2 Nf8 14. Be2 Qf6 15. Nc4 Bh6 16. Qb3 Bf4 17. Bg3 Ne6 18. Ne3 c6 19. Ng4 Qe7 20. Bxf4 Nxf4 21. Bc4 Bxg4 22. hxg4 b5 0-1